Model audit file creted for the practicing of the statutory audit profession: implementation of statutory audit contract

Informácia o predstave obsahovej a metodickej inovácie a modernizácie výučby odborného predmetu na Ekonomickej univerzite v Bratislave, ktorý sa špecializuje na otázky audítorskej dokumentácie - predmet Audítorstvo III.

Saved in:
Bibliographic Details
Main Author: Maděra, František
Format: Book Chapter
Language:Slovak
Subjects:
Tags: Add Tag
No Tags, Be the first to tag this record!

MARC

LEADER 00000naa$a2200000$$$4500
001 0236181
005 20240502073823.7
041 0 |a slo 
044 |a SK 
245 1 0 |a Model audit file creted for the practicing of the statutory audit profession: implementation of statutory audit contract  |c František Maděra 
520 |a Informácia o predstave obsahovej a metodickej inovácie a modernizácie výučby odborného predmetu na Ekonomickej univerzite v Bratislave, ktorý sa špecializuje na otázky audítorskej dokumentácie - predmet Audítorstvo III. 
610 2 0 |a audítorstvo 
610 2 0 |a výučba vedecká 
610 2 0 |a Ekonomická univerzita v Bratislave 
100 1 |a Maděra, František